000 00790nam a2200313Ia 4500
001 45676
005 20240114003721.0
007 ta
008 090320s1988 g b000 u asm u
020 _cHB
040 _aCotton College,Assam
041 _aasm
082 _a297.63
_bAl 41 Bi
100 _aAli, A M H .
245 0 _aBiswa Nabi Hazarat Muhammad: His Life and Struggle /
_cAlhaj M Hazarat Ali.
_hTextual Documents
250 _a1st ed /
260 _aGuwahati :
_bA A H Ali ,
_c1988.
300 _a182p. ;
_c23 cm
_e`.
653 _aReligion
653 _aT/G-Religion
942 _2ddc
_cBK
999 _c45641
_d45641